000 00507nam a2200181Ia 4500
999 _c29139
_d29139
003 OSt
005 20201124100440.0
008 190216s9999||||xx |||||||||||||| ||und||
020 _a9798184230344
040 _coclc
082 _a894.8123
_bNAS/A
100 _aNasrin, Taslima
_95644
245 0 _aAnthasulla Nunakal /
_cTaslima Nasrin
260 _bGreen Books,
_a Thrissur:
_c2006.
300 _a172p
650 _aMalayalam
942 _cBK
_2ddc
_h894.8123
_iNAS/A
_k894.8123
_mNAS/A